| 000 | 01283nam a22003617a 4500 | ||
|---|---|---|---|
| 003 | CHAP | ||
| 005 | 20220329140913.0 | ||
| 008 | 971013s1986 r 00010 d | ||
| 010 | _a59555 | ||
| 011 | _a60527 | ||
| 035 | _a64689 | ||
| 040 | _cCHAP | ||
| 082 |
_a581.151 _bD53 1986 |
||
| 245 |
_aDirectory of germplasm collections _b: Root and tuber crops |
||
| 250 | _a2 ed. | ||
| 260 |
_aRome : _bInternational Board for Plant Genetic Resources, _c1986 |
||
| 300 |
_a178 p. _b: ilus. |
||
| 590 |
_aBATCH-UPD _b10 _c20130110 _lUCH01 _h0446 |
||
| 590 |
_aBATCH-UPD _b10 _c20130110 _lUCH01 _h2158 |
||
| 590 |
_aBATCH-UPD _b10 _c20130410 _lUCH01 _h0123 |
||
| 590 |
_aBATCH-UPD _b10 _c20130914 _lUCH01 _h1542 |
||
| 590 |
_aCONVERSION _b10 _c20130109 _lUCH01 _h1332 |
||
| 650 | 1 | 4 |
_aGermoplasma _xCatálogos y colecciones _xDirectorios. _947768 |
| 650 | 1 | 4 |
_aTubérculos y cultivos de raíz _xGermoplasma. _9115484 |
| 700 | 0 |
_aLawrence, T. _965179 |
|
| 700 | 0 |
_aSloten, D. H. _9106891 |
|
| 700 | 0 |
_aToll, Jane. _9113646 |
|
| 901 | _aBK | ||
| 942 | _cLIBRO | ||
| 949 |
_a581.151 D53 1986 _bBC _cC _d33724000495875 _eC _fc.2 _h70846 _i64689 _si |
||
| 949 |
_a581.151 D53 1986 _bBC _cC _d33724000495883 _eC _fc.3 _h83975 _i64689 _si |
||
| 949 |
_a581.151 D53 1986 _bBC _cC _d33724000495974 _eC _h70845 _i64689 _si |
||
| 999 |
_c59555 _d59555 |
||